<?xml version="1.0" encoding="UTF-8"?>
<record
    xmlns:xsi="http://www.w3.org/2001/XMLSchema-instance"
    xsi:schemaLocation="http://www.loc.gov/MARC21/slim http://www.loc.gov/standards/marcxml/schema/MARC21slim.xsd"
    xmlns="http://www.loc.gov/MARC21/slim">

  <leader>01109nam a22001697a 4500</leader>
  <controlfield tag="005">20260129113714.0</controlfield>
  <datafield tag="041" ind1=" " ind2=" ">
    <subfield code="a">ENG</subfield>
  </datafield>
  <datafield tag="082" ind1=" " ind2=" ">
    <subfield code="a">294.34350954123</subfield>
    <subfield code="b">BOD-</subfield>
  </datafield>
  <datafield tag="245" ind1=" " ind2=" ">
    <subfield code="a">Bodhgay&#x101;:</subfield>
    <subfield code="b">impressions within &amp; beyond</subfield>
    <subfield code="c">/Edited by Bijoy Kumar Choudhary</subfield>
  </datafield>
  <datafield tag="260" ind1=" " ind2=" ">
    <subfield code="a">Patna:</subfield>
    <subfield code="b">Bihar heritage development society,</subfield>
    <subfield code="c">2016</subfield>
  </datafield>
  <datafield tag="300" ind1=" " ind2=" ">
    <subfield code="a">x, 106p.</subfield>
  </datafield>
  <datafield tag="520" ind1=" " ind2=" ">
    <subfield code="a">Bodhgay&#x101;: Impressions Within &amp; Beyond is an edited volume that presents Bodh Gaya as a sacred, historical, and living heritage site central to Buddhism. Through scholarly and reflective essays, the book examines the Mahabodhi Temple, associated monuments, sculptures, and sacred symbols within their historical, archaeological, and cultural contexts. It also explores Bodh Gaya&#x2019;s spiritual significance, global Buddhist connections, and contemporary relevance, portraying the site as a multilayered landscape shaped by religious memory, artistic traditions, and ongoing cultural practices.</subfield>
  </datafield>
  <datafield tag="650" ind1=" " ind2=" ">
    <subfield code="a">Buddhism</subfield>
    <subfield code="x">Sacred space</subfield>
    <subfield code="z">Bihar (India)</subfield>
  </datafield>
  <datafield tag="650" ind1=" " ind2=" ">
    <subfield code="a">Buddhist architecture</subfield>
    <subfield code="x">World Heritage areas</subfield>
  </datafield>
  <datafield tag="700" ind1=" " ind2=" ">
    <subfield code="a">Choudhary, Bijoy Kumar</subfield>
  </datafield>
  <datafield tag="942" ind1=" " ind2=" ">
    <subfield code="2">ddc</subfield>
    <subfield code="c">BK</subfield>
  </datafield>
  <datafield tag="999" ind1=" " ind2=" ">
    <subfield code="c">39856</subfield>
    <subfield code="d">39856</subfield>
  </datafield>
  <datafield tag="952" ind1=" " ind2=" ">
    <subfield code="0">0</subfield>
    <subfield code="1">0</subfield>
    <subfield code="4">0</subfield>
    <subfield code="7">0</subfield>
    <subfield code="a">NASSDOC</subfield>
    <subfield code="b">NASSDOC</subfield>
    <subfield code="d">2025-09-15</subfield>
    <subfield code="e">Gifted</subfield>
    <subfield code="l">0</subfield>
    <subfield code="o">294.34350954123 BOD-</subfield>
    <subfield code="p">54853</subfield>
    <subfield code="r">2026-01-29 11:36:39</subfield>
    <subfield code="w">2025-09-15</subfield>
    <subfield code="y">BK</subfield>
  </datafield>
</record>
